00727nam a2200181Ia 4500952009700000999001700097008004100114020001500155050002200170100003900192245014400231260003500375300001800410500008100428519000900509650002000518942000700538 00104070a11b11d2007-01-08l0oBF173 F733 1998p11 006287r2012-10-10t1w2012-06-26yLB c71480d71480120626s1998 mx 000 0 spa d a9684210272 aBF173 bF733 1998 aFreud, Sigmundd1856-1939e, autor aIntroducción al psicoanálisis ( I. Actos fallidos y los sueños) c/ Sigmund Freud ; traductor Luis López- Ballesteros y de Torres aMéxicob: Iztaccihuatlc1998 a317 páginas aTraducción directa del Alemán por Luis López- Ballesteros y de Torres a d  0aPSICOANÁLISIS cLB